Pesci più pericolosi al mondo - Statistics

Statistiche generali
  • Questo quiz è stato fatto 19 volte
  • Il punteggio medio è 6 su 20
Statistiche sulle risposte
Risposta % Corretto
Squalo Bianco
94%
Squalo Tigre
81%
Piranha
63%
Pesce Palla
50%
Murena
44%
Anguilla Elettrica
38%
Razza
38%
Grande Barracuda
31%
Squalo Toro
31%
Pesce Leone
25%
Pesce Scorpione
25%
Pesce Pietra
19%
Squalo leuca
13%
Scorfano
6%
Tracina
6%
Pesce Ago
0%
Pesce Balestra
0%
Pesce Chirurgo
0%
Pesce Ragno
0%
Pesce Rospo
0%
Nessun quiz corrispondente trovato
Distribuzione punteggi
Percentuale di utenti per punteggio
Percentile per numero di risposta
I tuoi punteggi nel tempo
Non hai fatto questo quiz